Loading...
Beliefs - Mythology | 2 | 3 | 1 | 0 | 55 | 28 | 78.20 | 3 | 5 |
Literature - American Lit | 0 | 5 | 0 | 1 | 50 | 111 | 126.00 | 1 | 5 |
Literature - World Lit | 0 | 5 | 0 | 0 | 50 | 89 | 100.80 | 0 | 5 |
Literature - Euro Lit | 0 | 5 | 0 | 1 | 50 | 85 | 118.80 | 0 | 5 |
Thought - Philosophy | 1 | 1 | 0 | 1 | 25 | 72 | 97.50 | 0 | 2 |
Literature - British Lit | 1 | 2 | 2 | 0 | 25 | 71 | 89.33 | 2 | 3 |
Science - Other Science | 0 | 3 | 1 | 0 | 25 | 116 | 125.67 | 1 | 3 |
Arts - Other Arts | 1 | 1 | 0 | 1 | 25 | 60 | 95.50 | 1 | 2 |
History - Euro History | 0 | 2 | 0 | 1 | 20 | 104 | 113.00 | 1 | 2 |
Arts - Painting | 0 | 2 | 1 | 0 | 15 | 105 | 117.00 | 1 | 2 |
Science - Engineering | 0 | 1 | 0 | 0 | 10 | 131 | 131.00 | 0 | 1 |
Other - Geo/CE | 0 | 1 | 0 | 0 | 10 | 91 | 91.00 | 1 | 1 |
Beliefs - Religion | 0 | 1 | 0 | 0 | 10 | 105 | 105.00 | 0 | 1 |
Science - Physics | 0 | 1 | 1 | 0 | 5 | 123 | 123.00 | 0 | 1 |
Other - Other Academic | 0 | 1 | 1 | 0 | 5 | 114 | 114.00 | 0 | 1 |
History - World History | 0 | 1 | 1 | 1 | 5 | 123 | 123.00 | 0 | 1 |
Other - Pop Culture | 0 | 0 | 1 | 0 | -5 | 0.00 | 0 | 0 |